| 000 | 00816cam a2200181 4500 | ||
|---|---|---|---|
| 001 | WS105110 | ||
| 008 | 000000n 000 0 eng u | ||
| 035 | _a(Sirsi) u105100 | ||
| 110 |
_aAssociation of Planning Supervisors _91168 |
||
| 245 | _aAssociation of Planning Supervisors | ||
| 520 | _aWeb site for this organisation which describes itself as 'a multi-discipline body for all who work as planning supervisors in the construction industry'. Includes details of events, news, HSE Information Sheets and reading lists. | ||
| 650 | _aCONSTRUCTION (DESIGN AND MANAGEMENT) REGULATIONS 1994 | ||
| 650 | _aPLANNING SUPERVISORS | ||
| 650 | _aORGANISATION | ||
| 690 | _aBUILT ENVIRONMENT-BUILDING STANDARDS | ||
| 856 | 4 | 0 |
_uhttps://www.aps.org.uk/ _zView the website free of charge at www.aps.org.uk... |
| 942 | _n0 | ||
| 999 |
_c119451 _d119451 |
||